Detalles MARC
| 000 -LIDER |
| fixed length control field |
01002nam a2200301 a 4500 |
| 001 - NÚMERO DE CONTROL |
| Identificador de número de control |
000023932 |
| 003 - IDENTIFICACDOR DE NÚMERO DE CONTROL |
| control field |
DO-SdBPM |
| 005 - DATE AND TIME OF LATEST TRANSACTION |
| control field |
20250207111031.0 |
| 007 - CAMPOS FIJOS DE DESCRIPCIÓN FÍSICA |
| fixed length control field |
000023932 |
| 008 - ELEMENTOS DE LONGITUD FIJA |
| fixed length control field |
110117s2024 dr a 000 j spa d |
| 020 ## - ISBN |
| International Standard Book Number |
|
| 040 ## - FUENTE DE CATALOGACIÓN |
| Agencia que crea de manera original el registro |
DO-SdBPM |
| Idioma de catalogación |
spa |
| Agencia que realiza la transcripción |
BPMSU |
| 082 #4 - NÚMERO DE CLASIFICACIÓN DECIMAL DE DEWEY |
| Classification number |
RD863.44 |
| Item number |
G861h 2024 |
| Edition number |
22 |
| 100 1# - ASIENTO PRINCIPAL -- NOMBRE PERSONAL |
| Nombre personal |
Pérez Díaz, Enrique |
| 245 10 - MENCIÓN DE TITULO |
| Título |
Había una vez... en una isla tropical / |
| Mención de responsabilidad |
Eleanor Grimaldi Silié ; ilustrasiones de Verouschka Freixas |
| Campo enlazado y núm. de secuencia |
|
| 260 ## - PUBLICACIÓN, DISTRIBUCIÓN, ETC. (PIE DE IMPRENTA) |
| Lugar de publicación, distribución, etc |
Santo Domingo : |
| Nombre del editor, distribuidor, etc. |
Editora Búho, |
| Fecha de publicación, distribución, etc |
2024 |
| 300 ## - DESCRIPCIÓN FÍSICA |
| Extensión |
77 p. : |
| Otros detalles físicos |
il. ; |
| Dimensiones |
24 cm. |
| 500 ## - NOTA GENERAL |
| Nota general |
Incluye datos biográficos de la autora en la contracubierta |
| 501 ## - NOTA DE PUBLICADO O ENCUADERNADO |
| With note |
|
| 505 ## - NOTA DE CONTENIDO |
| Texto normalizado de contenido |
|
| 563 ## - INFORMACIÓN DE LA ENCUADERNACIÓN |
| Nota de la encuadernación |
Dos obras encuadernadas juntas con paginación invertida. |
| 590 ## - NOTA LOCAL |
| Texto de la nota local |
Inventariado, 2025/VM |
| 650 #4 - ENCABEZAMIENTO DE MATERIA--TEMÁTICO |
| Término temático o nombre geográfico como elemento de entrada |
Novela juvenil dominicana |
| 650 #4 - ENCABEZAMIENTO DE MATERIA--TEMÁTICO |
| Término temático o nombre geográfico como elemento de entrada |
Literatura juvenil dominicana |
| 700 1# - ASIENTO SECUNDARIO -- NOMBRE PERSONAL |
| Nombre personal |
Freixas, Verouschka |
| Mención de responsabilidad |
ilustraciones |
| Título de una obra |
|
| 910 ## - VALIDACIÓN |
| Validación |
VMateo V. Control de calidad. BPMSU |
| 942 ## - ADDED ENTRY ELEMENTS (KOHA) |
| Source of classification or shelving scheme |
Dewey Decimal Classification |
| Koha item type |
Libros |